| 000 | 00533nam a2200181Ia 4500 | ||
|---|---|---|---|
| 999 |
_c30231 _d30231 |
||
| 003 | OSt | ||
| 005 | 20201230112800.0 | ||
| 008 | 190216s9999||||xx |||||||||||||| ||und|| | ||
| 040 | _coclc | ||
| 082 |
_a700 _bPIL/S |
||
| 100 |
_aPillai, J Unnikrishna _97974 |
||
| 245 | 0 |
_aShekthrakalasahithyam Arangum Padavum / _cJ Unnikrishna Pillai |
|
| 250 | _a1st Ed. | ||
| 260 |
_bKrysthavakalakshethram, _c2012. _aPathanamthitta: |
||
| 300 | _a248p | ||
| 650 | _aMalayalam | ||
| 942 |
_cBK _2ddc _h700 _iPIL/S _k700 _mPIL/S |
||